Külföldi szaklapok
Elmentve itt :
| Dokumentumtípus: | Cikk |
|---|---|
| Megjelent: |
1909
|
| Sorozat: | Magyar pedagógia : a Magyar Tudományos Akadémia Pedagógiai Bizottságának folyóirata
18 |
| Kulcsszavak: | Folyóirat pedagógiai külföldi |
| Online Access: | http://misc.bibl.u-szeged.hu/8528 |
| LEADER | 00591nab a2200169 i 4500 | ||
|---|---|---|---|
| 001 | misc8528 | ||
| 005 | 20191106143842.0 | ||
| 008 | 170607s1909 hu o 0|| hun d | ||
| 022 | |a 0025-0260 | ||
| 040 | |a SZTE Miscellanea Repozitórium |b hun | ||
| 041 | |a hun | ||
| 245 | 0 | 0 | |a Külföldi szaklapok |h [elektronikus dokumentum] |
| 260 | |c 1909 | ||
| 300 | |a 319-324 | ||
| 490 | 0 | |a Magyar pedagógia : a Magyar Tudományos Akadémia Pedagógiai Bizottságának folyóirata |v 18 | |
| 695 | |a Folyóirat pedagógiai külföldi | ||
| 856 | 4 | 0 | |u http://misc.bibl.u-szeged.hu/8528/1/mp_1909_319-324.pdf |z Dokumentum-elérés |